Naruto Character Popularity Polls - Statistics

General Stats
  • This quiz has been taken 2,009 times
  • The average score is 54 of 70
Answer Stats
Hint Answer % Correct
2 Naruto Uzumaki
100%
1 Naruto Uzumaki
100%
2 Naruto Uzumaki
100%
1 Naruto Uzumaki
100%
2 Naruto Uzumaki
100%
4 Naruto Uzumaki
100%
1 Naruto Uzumaki
100%
3 Sasuke Uchiha
99%
4 Sasuke Uchiha
99%
4 Sasuke Uchiha
99%
3 Sasuke Uchiha
99%
1 Sasuke Uchiha
99%
1 Sasuke Uchiha
99%
2 Sasuke Uchiha
99%
1 Kakashi Hatake
98%
2 Kakashi Hatake
98%
1 Kakashi Hatake
98%
2 Kakashi Hatake
98%
3 Kakashi Hatake
98%
2 Kakashi Hatake
98%
3 Kakashi Hatake
98%
5 Sakura Haruno
97%
9 Sakura Haruno
97%
10 Sakura Haruno
97%
8 Sakura Haruno
97%
9 Itachi Uchiha
87%
6 Itachi Uchiha
87%
5 Itachi Uchiha
87%
10 Hinata Hyuga
84%
6 Hinata Hyuga
84%
6 Hinata Hyuga
84%
9 Hinata Hyuga
84%
10 Hinata Hyuga
84%
5 Shikamaru Nara
83%
4 Shikamaru Nara
83%
5 Shikamaru Nara
83%
10 Shikamaru Nara
83%
9 Shikamaru Nara
83%
10 Neji Hyuga
81%
6 Neji Hyuga
81%
7 Neji Hyuga
81%
8 Neji Hyuga
81%
6 Rock Lee
77%
5 Rock Lee
77%
8 Rock Lee
77%
7 Rock Lee
77%
7 Gaara
74%
7 Gaara
74%
7 Gaara
74%
8 Gaara
74%
10 Gaara
74%
7 Gaara
74%
4 Gaara
74%
9 Minato Namikaze
74%
7 Minato Namikaze
74%
10 Jiraiya
69%
3 Deidara
44%
6 Deidara
44%
4 Iruka Umino
41%
3 Iruka Umino
41%
3 Iruka Umino
41%
5 Iruka Umino
41%
4 Iruka Umino
41%
5 Iruka Umino
41%
6 Sasori
40%
8 Sasori
40%
9 Zabuza Momochi
32%
8 Haku
31%
9 Gamabunta
6%
8 Hayate Gekko
6%
No matching quizzes found
Score Distribution
Percent of People with Each Score
Percentile by Number Answered
Your Score History
You have not taken this quiz